Statistics for NBA Most Improved Player Award Winners

Click here to take the quiz!

General Stats

  • This quiz has been taken 1,049 times
  • The average score is 4 of 27

Answer Stats

YearPlayer% Correct
1996Gheorghe Mureşan
39%
2001Tracy McGrady
26%
2000Jalen Rose
25%
2011Kevin Love
25%
1989Kevin Johnson
24%
2002Jermaine O'Neal
22%
2010Aaron Brooks
19%
2012Ryan Anderson
19%
1987Dale Ellis
16%
2007Monta Ellis
16%
2009Danny Granger
14%
2003Gilbert Arenas
13%
2008Hedo Turkoglu
13%
2006Boris Diaw
12%
1993Chris Jackson
12%
1998Alan Henderson
11%
2004Zach Randolph
10%
2005Bobby Simmons
8%
1990Rony Seikaly
8%
1999Darrell Armstrong
7%
1986Alvin Robertson
6%
1995Dana Barros
6%
1991Scott Skiles
6%
1994Don MacLean
5%
1997Isaac Austin
5%
1988Kevin Duckworth
5%
1992Pervis Ellison
5%

Score Distribution

Percentile by Number Answered

Percent of People with Each Score

Your Score History

You have not taken this quiz